01470cam a22003375i 4500999001500000003000900015005001700024008004100041020003600082020003500118020001500153040004300168043001200211082002300223100004000246245009300286264005400379300004600433336002600479337002800505338002700533490003600560504005100596521017600647650005900823650005200882651001000934653002700944942001200971952014900983 c5153d5153EG-ScBUE20200108095315.0131223s2001 enka f b f001 0 eng d a0822325071 (cloth : alk. paper) z0822325455 (pbk. : alk. paper) a0822325454 aEG-ScBUEbengerdacEG-ScBUEdEG-ScBUE aaw-----04a809.93358bLAY2221 aLayoun, Mary N.,‏d1949-eauthor.10aWedded to the land? : bgender, boundaries, and nationalism in crisis /cMary N. Layoun. 1aDurham ;aLondon :bDuke University Press,c2001. axii, 225 pages :billustrations ;c25 cm. atextbtxt2rdacontent aunmediatedbn2rdamedia avolumebnc2rdacarrier0 aPost-contemporary interventions aIncludes bibliographical references and index. aThe gendered narratives of nationalism explored through Greek, Cypriot, and Palestinian examples, particularly in regard to questions of borders, crisis, and displacement. 7aNationalism and literaturezMiddle East.2BUEsh934742 7aPolitics and culturezMiddle East2BUEsh934743 2BUEsh bHHUUEENNcDecember2013 cBB2ddc 00102ddc40708Donation-GaMAINbMAINc2NDd2007-10-18eDonationl2o809.93358 LAYp000006163r2025-07-15 00:00:00s2015-03-29w2007-10-18yBB